| 000 | 00933nac a22001931u 4500 | ||
|---|---|---|---|
| 008 | 110630s2006 ohu|||||r|||| 001 0 eng d | ||
| 020 | _a0324226470 | ||
| 020 | _a9780324226478 | ||
| 082 |
_a658.4033 _bKLI _222 |
||
| 100 |
_aKlibanoff, Peter _925982 |
||
| 245 |
_aManagerial Statistics : _bA Case-Based Approach / _cPeter Klibanoff et ...[al.] |
||
| 260 |
_aMason, Ohio : _bThomson South-Western,2006 _c2006 |
||
| 300 |
_axvii, 236 p. : _bill. ; _c26 cm. + _e1 CD-ROM (4 3/4 in.) |
||
| 650 |
_aManagement _xstatistical methods case studies _925983 |
||
| 653 | _bBus | ||
| 942 |
_cBB _k658.4033 KLI _2ddc |
||
| 999 |
_c6410 _d6410 |
||